Can you name all Twice's MVS - Statistics

General Stats
  • This quiz has been taken 194 times
  • The average score is 24 of 42
Answer Stats
Number of views MVS % Correct
643,600,000 TT
96%
683,100,000 What is love ?
94%
329,000,000 The feels
92%
512,200,000 Cheer Up
87%
554,000,000 Fancy
87%
464,000,000 Like ooh ahh
87%
585,000,000 Likey
87%
466,300;000 I can't stop me
85%
310,300,000 Knock knock
84%
346,300,000 Dance the night away
83%
450,500,000 Feel special
83%
133,500,000 Scientist
81%
307,800,000 Signal
80%
106,000,000 Talk that Talk
80%
373,900,000 Yes or Yes
80%
254,900,000 Alcohol free
79%
326,200,000 More and More
79%
428,200,000 Heart shaker
78%
73,100,000 Perfect world
62%
71,300,000 BDZ
57%
162,600,000 Candy pop
57%
31,100,000 Doughnut
57%
53,600,000 Kura Kura
57%
125,400,000 Breakthrough
53%
44,000,000 Celebrate
52%
44,400,000 Merry and happy
50%
51,700,000 Better
46%
68,500,000 Fake and True
46%
77,600,000 Fanfare
46%
44,100,000 The best thing I ever did
43%
56,200,000 Happy Happy
39%
99,600,000 One more time
38%
53,700,000 I want you back
36%
71,100,000 Wake me up
31%
39,800,000 Brand new girl
26%
112,600,000 TT japanese version
13%
19,000,000 Stay by my side
10%
34,100,000 Likey japanese version
9%
10,200,000 Like ooh ahh japanese version
8%
30,600,000 What is love japanese version
8%
12,000,000 Signal japanese version
7%
15,100,000 Fancy japanese version
5%
No matching quizzes found
Score Distribution
Percent of People with Each Score
Percentile by Number Answered
Your Score History
You have not taken this quiz